[Event "FRA-chT3"]
[Site "Maisons Alfort"]
[Date "2001.03.31"]
[Round "8.8"]
[White "Hidalgo Valdes, Omar"]
[Black "Macari, Frederic"]
[Result "0-1"]
[WhiteElo "1499"]
[BlackElo "1280"]
[PlyCount "139"]
[EventDate "2001.03.31"]
[EventType "team"]
[EventRounds "9"]
[EventCountry "FRA"]
[SourceTitle "EXT 2003"]
[Source "ChessBase"]
[SourceDate "2002.11.25"]
[SourceVersion "1"]
[SourceVersionDate "2002.11.25"]
[SourceQuality "1"]

1. d4 d5 2. c4 c6 3. Nc3 Nf6 4. Nf3 e6 5. Bg5 Nbd7 6. e3 h6 7. Bh4 Be7 8. a3 Qc7 9. Rc1 0-0 10. Bd3 Re8 11. 0-0 e5 12. Bg3 dxc4 13. Bxc4 Bd6 14. Ba2 a6 15. Qb3 Re7 16. Rfd1 exd4 17. Bxd6 Qxd6 18. Rxd4 Qc7 19. Rcd1 b5 20. Nh4 c5 21. Ng6 Re6 22. Rd6 c4 23. Qb4 Rxd6 24. Ne7+ Kf8 25. Rxd6 Nc5 26. Rc6 Qxe7 27. Rxc5 Be6 28. Bb1 Rd8 29. a4 Rc8 30. Rxc8+ Bxc8 31. Qxe7+ Kxe7 32. axb5 a5 33. Kf1 Kd6 34. Ke2 Kc5 35. e4 Bd7 36. e5 Ng4 37. Kd2 Nxe5 38. f4 Ng4 39. h3 Nf6 40. Bc2 Bxb5 41. Nd1 Nh5 42. Ke3 Bc6 43. g4 Nf6 44. Nf2 Nd5+ 45. Kf3 Nb4+ 46. Be4 Bxe4+ 47. Kxe4 Nd5 48. Ke5 a4 49. f5 Nf6 50. h4 Kb4 51. g5 hxg5 52. hxg5 Nh7 53. Ne4 Nxg5 54. Nd2 c3 55. bxc3+ Kxc3 56. Nb1+ Kb2 57. Nd2 a3 58. Nc4+ Kb3 59. Nxa3 Kxa3 60. Kd6 g6 61. fxg6 fxg6 62. Ke5 Nh7 63. Kf4 Kb4 64. Ke5 g5 65. Kf5 Kc5 66. Kg4 Kd4 67. Kf3 Ke5 68. Kg3 Kf5 69. Kf3 Nf6 70. Kg3 0-1